000 nam a22 7a 4500
999 _c232538
_d232538
003 ASAB
005 20170220160138.0
008 170220b xxu||||| |||| 00| 0 eng d
040 _cASAB
082 _a660.6 SHU
245 _aAnalysing Genome
_cR.N. Shukla
942 _2ddc
_cBK